Cien años de soledad
Saved in:
| Main Author: | |
|---|---|
| Format: | Book |
| Language: | Spanish |
| Published: |
Santiago
Random House Mondadori
2010
|
| Edition: | 2a. ed |
| Series: | Contemporánea
|
| Subjects: | |
| Tags: |
Add Tag
No Tags, Be the first to tag this record!
|
MARC
| LEADER | 00000cam a2200000 a 4500 | ||
|---|---|---|---|
| 001 | UCG9462 | ||
| 003 | CL-VaPUC | ||
| 008 | 120316e20101200CL |||||||||||||||||spa|d | ||
| 020 | |a 9568367187 | ||
| 082 | 0 | 4 | |a Co863 |b GAR |2 21 |
| 100 | 0 | |a García Márquez, Gabriel |e author |9 318478 | |
| 245 | 1 | 0 | |a Cien años de soledad |
| 250 | |a 2a. ed | ||
| 300 | |a 495 p | ||
| 942 | |c BK | ||
| 945 | |d 20120316 00:00:00 |a dcastane | ||
| 260 | |a Santiago |b Random House Mondadori |c 2010 | ||
| 650 | 0 | |a Novelas colombianas |9 266734 | |
| 650 | 0 | |a Literatura colombiana |9 315578 | |
| 583 | |a last modification |c 20120316 11:38:00 |k Rodrigo Vera | ||
| 490 | 0 | |a Contemporánea | |
| 999 | |c 347014 |d 347012 | ||